[Event "Air Force ch"]
[Site "?"]
[Date "1992.??.??"]
[Round "8"]
[White "Garcia, M."]
[Black "Wall, B."]
[Result "1-0"]
[WhiteElo "1960"]
[BlackElo "2030"]
[PlyCount "63"]
[EventDate "1992.??.??"]

1. d4 f5 2. Nf3 Nf6 3. Bg5 e6 4. Nbd2 Be7 5. e3 O-O 6. Bd3 Nc6 7. c3 b6 8. O-O
Bb7 9. Qc2 d5 10. Rac1 h6 11. Bh4 g5 12. Bg3 Ne4 13. Be5 g4 14. Ne1 Nxe5 15.
dxe5 Nc5 16. Be2 Qe8 17. b4 Nd7 18. f4 gxf3 19. Ndxf3 c5 20. Qd2 Kh7 21. Bb5
Rd8 22. Nd3 Qf7 23. Nf4 Rg8 24. Bd3 Nf8 25. b5 Rg7 26. Qe2 Nd7 27. Nd4 cxd4 28.
Nxe6 Rxg2+ 29. Kxg2 Rg8+ 30. Kh1 dxe3 31. Nd4 Nxe5 32. Rxf5 1-0

[Event "Air Force ch"]
[Site "?"]
[Date "1987.??.??"]
[Round "3"]
[White "Echaure, S."]
[Black "Swaim, S."]
[Result "0-1"]
[WhiteElo "2110"]
[BlackElo "2095"]
[PlyCount "64"]
[EventDate "1987.??.??"]

1. Nf3 c5 2. g3 d5 3. Bg2 Nc6 4. O-O e5 5. d3 Be7 6. Nbd2 Be6 7. e4 Nf6 8. Re1
d4 9. Ng5 Bg4 10. f3 Bh5 11. Qe2 Nd7 12. Nh3 g5 13. Nf1 f6 14. Bd2 b5 15. g4
Bf7 16. Ng3 c4 17. Nf5 Bf8 18. a4 a6 19. axb5 axb5 20. Qf1 cxd3 21. cxd3 Nc5
22. Rxa8 Qxa8 23. f4 Nb3 24. Bc1 Bb4 25. Rd1 gxf4 26. Bxf4 exf4 27. Qxf4 Ne5
28. Nh6 Qc6 29. Qf5 Bg6 30. Qf2 Bd2 31. Rxd2 Qc1+ 32. Bf1 Nxd2 0-1

[Event "1990 Armed Forces ch"]
[Site "?"]
[Date "1990.??.??"]
[Round "5"]
[White "Beszczynski, T."]
[Black "Teraoka, L."]
[Result "0-1"]
[WhiteElo "1910"]
[BlackElo "2210"]
[PlyCount "64"]
[EventDate "1990.??.??"]

1. Nf3 Nf6 2. d4 g6 3. c4 Bg7 4. Nc3 O-O 5. Bg5 c5 6. d5 d6 7. e4 a6 8. Be2 b5
9. cxb5 axb5 10. Bxb5 Nxe4 11. O-O Bxc3 12. bxc3 Nxc3 13. Qb3 Nxb5 14. Qxb5 Ba6
15. Qa4 f6 16. Bh6 Rf7 17. Rfe1 Nd7 18. Qe4 Ne5 19. h3 Qc8 20. Re3 Bb7 21. Nh4
f5 22. Qc2 Bxd5 23. a4 Nc6 24. Qc3 Nd4 25. f4 Rb8 26. Ree1 e6 27. Qg3 Rb2 28.
Kh1 Qa8 29. a5 Rfb7 30. a6 R7b3 31. Qg5 Rxh3+ 32. Kg1 Bxg2 0-1

[Event "1991 Armed Forces Ch"]
[Site "?"]
[Date "1991.??.??"]
[Round "10"]
[White "Lane, P."]
[Black "Regensberg, W."]
[Result "0-1"]
[WhiteElo "2105"]
[BlackElo "2170"]
[PlyCount "66"]
[EventDate "1991.??.??"]

1. d4 e6 2. c4 d5 3. Nc3 Nf6 4. Bg5 Be7 5. cxd5 exd5 6. e3 O-O 7. Bd3 c6 8. Qc2
Nbd7 9. Nf3 Re8 10. O-O-O b5 11. Ne5 Nxe5 12. dxe5 Nd7 13. Bxh7+ Kh8 14. Bf4 b4
15. Ne2 Qa5 16. Kb1 Nf8 17. Bf5 Be6 18. Nd4 c5 19. Nxe6 fxe6 20. Bg6 Rec8 21.
Bf7 b3 22. axb3 c4 23. b4 Qxb4 24. Qe2 g6 25. Bxg6 Nxg6 26. Qh5+ Kg7 27. Qh6+
Kf7 28. Qh7+ Ke8 29. Qxg6+ Kd7 30. Qc2 Rab8 31. e4 c3 32. exd5 Qxf4 33. dxe6+
Ke8 0-1

[Event "1991 Armed Forces Ch"]
[Site "?"]
[Date "1991.??.??"]
[Round "8"]
[White "Lane, P."]
[Black "McQueen, R."]
[Result "1/2-1/2"]
[WhiteElo "2105"]
[BlackElo "1875"]
[PlyCount "66"]
[EventDate "1991.??.??"]

1. e4 c5 2. Nf3 d6 3. d4 cxd4 4. Nxd4 Nf6 5. Nc3 Nc6 6. Bc4 g6 7. Be3 Bg7 8. f3
O-O 9. Qd2 Nxd4 10. Bxd4 Be6 11. Bb3 Qa5 12. O-O-O Rfc8 13. Kb1 Qd8 14. h4 Bc4
15. h5 b5 16. hxg6 hxg6 17. Nd5 e5 18. Nxf6+ Bxf6 19. Be3 Rc6 20. g4 Rac8 21.
Rh2 Bxb3 22. cxb3 Qc7 23. Rc1 a6 24. Rxc6 Qxc6 25. Qc2 Kf8 26. Qxc6 Rxc6 27.
Rc2 Rxc2 28. Kxc2 Ke8 29. a4 Kd7 30. Kd3 Kc6 31. Bd2 d5 32. exd5+ Kxd5 33. Bc3
Be7 1/2-1/2

[Event "Air Force ch"]
[Site "?"]
[Date "1989.??.??"]
[Round "7"]
[White "Hood, A."]
[Black "Lankey, B."]
[Result "1-0"]
[WhiteElo "2110"]
[BlackElo "2230"]
[PlyCount "65"]
[EventDate "1989.??.??"]

1. e4 c5 2. Nf3 Nc6 3. Nc3 Nf6 4. d4 cxd4 5. Nxd4 e5 6. Nxc6 bxc6 7. Qf3 d5 8.
exd5 e4 9. Qd1 cxd5 10. Bg5 Bb4 11. Bb5+ Bd7 12. Bxf6 gxf6 13. Qxd5 Bxc3+ 14.
bxc3 Bxb5 15. Qxb5+ Qd7 16. Qxd7+ Kxd7 17. O-O-O+ Ke6 18. Rhe1 f5 19. f3 Ke5
20. Rd7 Rhg8 21. g3 Ke6 22. Rd4 h5 23. fxe4 Rg4 24. exf5+ Kxf5 25. Rf1+ Ke6 26.
Rff4 f5 27. c4 Rc8 28. Kd2 Rc5 29. Kc3 Re5 30. Rd8 Ra5 31. Kb3 Rg7 32. Rb8 Rd7
33. Rb5 1-0

[Event "1991 Armed Forces Ch"]
[Site "?"]
[Date "1991.??.??"]
[Round "4"]
[White "Hampel, R."]
[Black "Rea, A."]
[Result "0-1"]
[WhiteElo "2135"]
[BlackElo "2150"]
[PlyCount "66"]
[EventDate "1991.??.??"]

1. e4 e6 2. d4 d5 3. Nc3 Bb4 4. e5 Bd7 5. Qg4 g6 6. Bg5 Be7 7. Bxe7 Nxe7 8. f4
Nf5 9. Qd1 Qh4+ 10. g3 Nxg3 11. Nf3 Qh6 12. hxg3 Qxh1 13. Qd3 Nc6 14. Nh4 Ne7
15. O-O-O Nf5 16. Nxf5 gxf5 17. Nb5 Kd8 18. Qc3 Bxb5 19. Bxb5 Qh3 20. b3 Rg8
21. Ba4 Qxg3 22. Qb4 Qxf4+ 23. Kb1 Kc8 24. Qe7 Qg5 25. Qxf7 Qg6 26. Qd7+ Kb8
27. Rh1 a6 28. Rxh7 Qg1+ 29. Kb2 Qxd4+ 30. Ka3 Qxe5 31. Re7 Qd6+ 32. Qxd6 cxd6
33. Rxe6 b5 0-1

[Event "Air Force ch"]
[Site "?"]
[Date "1987.??.??"]
[Round "4"]
[White "Echaure, S."]
[Black "Moore, B."]
[Result "0-1"]
[WhiteElo "2110"]
[BlackElo "2275"]
[PlyCount "66"]
[EventDate "1987.??.??"]

1. Nf3 d6 2. c4 g6 3. g3 Bg7 4. Bg2 Nc6 5. Nc3 e5 6. d3 Nge7 7. a3 O-O 8. O-O
f5 9. Nd5 h6 10. Nxe7+ Nxe7 11. Qc2 g5 12. Bd2 Ng6 13. Rac1 g4 14. Ne1 c6 15.
b4 h5 16. b5 c5 17. Rb1 Qe7 18. Qc1 Kh7 19. Bg5 Bf6 20. Bh6 Rh8 21. Bd2 h4 22.
Nc2 Kg8 23. f4 Be6 24. Ne3 hxg3 25. hxg3 Qh7 26. Nd5 Qh2+ 27. Kf2 Bxd5 28. cxd5
Bh4 29. gxh4 Qxh4+ 30. Kg1 g3 31. Rf2 gxf2+ 32. Kf1 Qg3 33. e3 Rh2 0-1

[Event "Air Force ch"]
[Site "?"]
[Date "1987.??.??"]
[Round "1"]
[White "Cotreau, K."]
[Black "Lankey, B."]
[Result "0-1"]
[WhiteElo "2155"]
[BlackElo "2205"]
[PlyCount "66"]
[EventDate "1987.??.??"]

1. d4 Nf6 2. Nf3 g6 3. c4 Bg7 4. Nc3 O-O 5. e4 d6 6. Bg5 c5 7. dxc5 Qa5 8. Qd2
dxc5 9. Rd1 Nc6 10. e5 Ng4 11. Nd5 Qxd2+ 12. Rxd2 Ngxe5 13. Nxe5 Bxe5 14. Re2
f6 15. Bh6 Rd8 16. f4 Bd6 17. Rd2 Nd4 18. Bd3 Bf5 19. h4 Bxd3 20. Rxd3 Nf5 21.
h5 Nxh6 22. hxg6 Kg7 23. Rdh3 e6 24. Rxh6 exd5 25. Rxh7+ Kxg6 26. g3 Kf5 27.
R1h5+ Ke4 28. Rxd5 b5 29. Rd2 bxc4 30. Rh5 Kf3 31. Rh4 Bc7 32. Rf2+ Kxg3 33.
Rfh2 Ba5+ 0-1

[Event "Air Force ch"]
[Site "?"]
[Date "1991.??.??"]
[Round "1"]
[White "Waldowski, P."]
[Black "Hampel, R."]
[Result "0-1"]
[WhiteElo "2180"]
[BlackElo "2135"]
[PlyCount "68"]
[EventDate "1991.??.??"]

1. e4 e5 2. Nc3 Nf6 3. f4 d5 4. fxe5 Nxe4 5. Nf3 Be7 6. d4 O-O 7. Bd3 Bb4 8.
O-O Bf5 9. Bxe4 dxe4 10. Ng5 Bxc3 11. bxc3 Bg6 12. Qe2 c5 13. Be3 Nc6 14. Qc4
cxd4 15. cxd4 Qe7 16. Rf2 Rac8 17. Qa4 Rc7 18. Rd2 Nb4 19. Qb3 Rfc8 20. a3 Nxc2
21. Ra2 Nxe3 22. Qxe3 Rc1+ 23. Kf2 R1c3 24. Qf4 e3+ 25. Ke2 exd2 26. Rxd2 f6
27. Nf3 Bf7 28. d5 fxe5 29. Qe4 Bg6 30. Qa4 e4 31. Nd4 Bh5+ 32. Ke1 Rc1+ 33.
Kf2 e3+ 34. Kg3 Qg5+ 0-1

[Event "1990 Armed Forces ch"]
[Site "?"]
[Date "1990.??.??"]
[Round "10"]
[White "Regensberg, W."]
[Black "Murillo, M."]
[Result "1/2-1/2"]
[WhiteElo "2125"]
[BlackElo "2230"]
[PlyCount "68"]
[EventDate "1990.??.??"]

1. d4 Nf6 2. c4 e6 3. Nc3 Bb4 4. e3 b6 5. Bd3 Bb7 6. Nf3 c5 7. O-O Bxc3 8. bxc3
d6 9. Bb2 Nbd7 10. Nd2 e5 11. Qc2 Qe7 12. f3 g6 13. Rae1 O-O 14. e4 Rac8 15.
Qd1 Nh5 16. g3 Rc7 17. Rf2 Bc8 18. Nf1 Bb7 19. Ne3 Rcc8 20. Ng2 f6 21. f4 Ng7
22. f5 g5 23. h4 h6 24. hxg5 hxg5 25. Ne3 Kf7 26. Ng4 Rh8 27. d5 Rh3 28. Rh2
Rxh2 29. Kxh2 Rh8+ 30. Kg2 Qe8 31. Rh1 Ke7 32. Rxh8 Qxh8 33. Bc1 Ne8 34. Be3
Nc7 1/2-1/2

[Event "1990 Armed Forces ch"]
[Site "?"]
[Date "1990.??.??"]
[Round "11"]
[White "Murillo, M."]
[Black "Highley, E."]
[Result "1-0"]
[WhiteElo "2230"]
[BlackElo "1755"]
[PlyCount "67"]
[EventDate "1990.??.??"]

1. d4 Nf6 2. c4 g6 3. Nc3 Bg7 4. e4 d6 5. Be2 O-O 6. Bg5 c5 7. d5 h6 8. Be3 e6
9. Qd2 Kh7 10. f3 e5 11. g4 Ng8 12. h4 f5 13. exf5 gxf5 14. g5 Na6 15. Nh3 Nc7
16. O-O-O f4 17. Bf2 Bf5 18. Bd3 Qd7 19. Bxf5+ Qxf5 20. Ne4 Rfd8 21. Qd3 Kh8
22. Nxd6 Qxd3 23. Nf7+ Kh7 24. Rxd3 Rd7 25. Nxh6 Nxh6 26. gxh6 Bf8 27. Re1 Bd6
28. Ng5+ Kxh6 29. Ne4 b5 30. b3 bxc4 31. bxc4 Ne8 32. Nxd6 Nxd6 33. Rc3 Rb7 34.
Rxe5 1-0

[Event "Air Force ch"]
[Site "?"]
[Date "1987.??.??"]
[Round "1"]
[White "Hood, A."]
[Black "Dean, M."]
[Result "1/2-1/2"]
[WhiteElo "2085"]
[BlackElo "2155"]
[PlyCount "68"]
[EventDate "1987.??.??"]

1. e4 c5 2. Nf3 d6 3. Nc3 Nf6 4. d4 cxd4 5. Nxd4 a6 6. Be3 e5 7. Nb3 Be6 8. Qd2
Be7 9. f3 Qc7 10. g4 Nbd7 11. g5 Nh5 12. Nd5 Bxd5 13. exd5 Nf8 14. O-O-O Ng6
15. Kb1 Ngf4 16. Rg1 Kf8 17. Nc1 h6 18. h4 hxg5 19. hxg5 Qd8 20. Qb4 b5 21. Ne2
Bxg5 22. Rxg5 Qxg5 23. Qxd6+ Qe7 24. Qc6 Qe8 25. Qc5+ Kg8 26. d6 Nf6 27. Nxf4
exf4 28. Bxf4 Rh5 29. Qf2 Qc6 30. Bd3 Rd8 31. Qg2 Ne8 32. Be4 Qc5 33. Rg1 Rxd6
34. Bxd6 Qxd6 1/2-1/2

[Event "Air Force ch"]
[Site "?"]
[Date "1992.??.??"]
[Round "2"]
[White "Barcarola, L."]
[Black "Wilson, E."]
[Result "1/2-1/2"]
[WhiteElo "2100"]
[BlackElo "2205"]
[PlyCount "68"]
[EventDate "1992.??.??"]

1. e4 c5 2. Nf3 e6 3. d4 cxd4 4. Nxd4 a6 5. Bd3 Qc7 6. O-O Nf6 7. Qe2 d6 8. c3
g6 9. f4 Bg7 10. f5 e5 11. Nb3 b5 12. Bg5 O-O 13. N1d2 Bb7 14. Rf3 Nbd7 15.
Raf1 h6 16. Bxf6 Nxf6 17. h4 Nh5 18. f6 Bh8 19. g4 Nxf6 20. Rxf6 Bxf6 21. Rxf6
Qe7 22. g5 hxg5 23. hxg5 Kg7 24. Na5 Rh8 25. Qe3 Bc8 26. Rf2 Rh5 27. Rg2 Be6
28. Be2 Rh3 29. Rg3 Rh7 30. Qf3 Qa7+ 31. Kg2 Rah8 32. Qf6+ Kg8 33. Qd8+ Kg7 34.
Qf6+ Kg8 1/2-1/2

[Event "Air Force ch"]
[Site "?"]
[Date "1988.??.??"]
[Round "1"]
[White "Barcarola, L."]
[Black "Waldowski, P."]
[Result "1-0"]
[WhiteElo "2155"]
[BlackElo "2120"]
[PlyCount "67"]
[EventDate "1988.??.??"]

1. d4 d5 2. c4 e6 3. Nc3 c5 4. e3 Nf6 5. Nf3 Nc6 6. Be2 Bd6 7. O-O O-O 8. b3
cxd4 9. exd4 Qa5 10. Nb5 Be7 11. Bf4 Bd7 12. a3 dxc4 13. bxc4 a6 14. Bd2 Qb6
15. c5 Qd8 16. Nc3 b6 17. cxb6 Qxb6 18. Be3 Qa5 19. Qd2 Rfd8 20. Nb1 Qc7 21.
Nc3 Na5 22. Bf4 Bd6 23. Bxd6 Qxd6 24. Ne4 Nxe4 25. Qxa5 Bc6 26. Rfd1 Bd5 27.
Rac1 Qf4 28. Qc7 Qf6 29. Qe5 Qe7 30. Rc7 Qxa3 31. Bd3 Nc3 32. Bxh7+ Kf8 33. Qh5
g6 34. Bxg6 1-0

[Event "Air Force ch"]
[Site "?"]
[Date "1988.??.??"]
[Round "11"]
[White "Barcarola, L."]
[Black "Hill, L."]
[Result "1/2-1/2"]
[WhiteElo "2155"]
[BlackElo "2190"]
[PlyCount "67"]
[EventDate "1988.??.??"]

1. d4 d5 2. c4 e6 3. Nf3 Nf6 4. Nc3 Be7 5. Bg5 Nbd7 6. e3 O-O 7. Bd3 a6 8. cxd5
exd5 9. Rc1 c6 10. O-O Re8 11. Qc2 Nf8 12. Rfe1 Ne4 13. Bf4 Ng5 14. Nxg5 Bxg5
15. Rcd1 Bxf4 16. exf4 Bd7 17. Rxe8 Qxe8 18. Qe2 Qxe2 19. Bxe2 Re8 20. Bf3 Ne6
21. g3 Kf8 22. h4 Ke7 23. f5 Nc7 24. Re1+ Kd6 25. Rxe8 Nxe8 26. g4 f6 27. h5 h6
28. Kf1 Nc7 29. b4 Nb5 30. Nxb5+ axb5 31. Ke2 b6 32. Kd3 c5 33. Kc3 Bc6 34. Bd1
1/2-1/2

[Event "1991 Armed Forces Ch"]
[Site "?"]
[Date "1991.??.??"]
[Round "7"]
[White "Rea, A."]
[Black "Moore, B."]
[Result "1-0"]
[WhiteElo "2150"]
[BlackElo "2275"]
[PlyCount "69"]
[EventDate "1991.??.??"]

1. c4 g6 2. Nc3 Bg7 3. d4 d6 4. Nf3 Nf6 5. e4 O-O 6. Be2 Nbd7 7. O-O e5 8. dxe5
dxe5 9. Qc2 c6 10. Nd2 Nc5 11. Rd1 Qc7 12. Bf1 Rd8 13. b4 Ne6 14. Nb3 Nd4 15.
Qb1 Bg4 16. Re1 Nh5 17. Bg5 f6 18. Be3 f5 19. Bg5 Rf8 20. exf5 Rxf5 21. Ne4
Raf8 22. Bh4 Rf4 23. Bg3 Nxg3 24. hxg3 R4f7 25. c5 Kh8 26. a4 Bf5 27. f3 Qd8
28. Nbd2 Bh6 29. Nc4 Qd5 30. Ncd6 Nb3 31. Bc4 Qd4+ 32. Kh2 Bxe4 33. Nxf7+ Kg7
34. Qxb3 Bf5 35. Rad1 1-0

[Event "1991 Armed Forces Ch"]
[Site "?"]
[Date "1991.??.??"]
[Round "7"]
[White "McQueen, R."]
[Black "Lankey, B."]
[Result "1/2-1/2"]
[WhiteElo "1875"]
[BlackElo "2185"]
[PlyCount "69"]
[EventDate "1991.??.??"]

1. c4 Nf6 2. d4 g6 3. Nc3 Bg7 4. Nf3 O-O 5. g3 d6 6. Bg2 c6 7. O-O Nbd7 8. e4
e5 9. dxe5 Nxe5 10. Nxe5 dxe5 11. Be3 Be6 12. Qe2 Qa5 13. a3 Qa6 14. b3 Rfd8
15. Rfd1 Rxd1+ 16. Qxd1 Qa5 17. b4 Qc7 18. Qe2 Rd8 19. f3 Nh5 20. Rc1 b6 21. a4
Bf8 22. Rb1 f5 23. Bf2 Bh6 24. Rb2 a6 25. Rc2 Bf8 26. Nd5 cxd5 27. cxd5 Qd7 28.
Bxb6 Rc8 29. dxe6 Qxe6 30. Rxc8 Qxc8 31. Bc5 Bxc5+ 32. bxc5 Qxc5+ 33. Kf1 Qc1+
34. Kf2 Qc5+ 35. Kf1 1/2-1/2

[Event "1991 Armed Forces Ch"]
[Site "?"]
[Date "1991.??.??"]
[Round "1"]
[White "Waldowski, P."]
[Black "Crook, C."]
[Result "0-1"]
[WhiteElo "2180"]
[BlackElo "2125"]
[PlyCount "72"]
[EventDate "1991.??.??"]

1. e4 c6 2. d4 d5 3. exd5 cxd5 4. c4 Nf6 5. Nc3 Nc6 6. Nf3 e6 7. Bd3 Be7 8. O-O
O-O 9. b3 b6 10. Bb2 Nb4 11. Bb1 Bb7 12. a3 Nc6 13. Qd3 Re8 14. Rd1 Bf8 15. Ne5
g6 16. Ba2 Bg7 17. f4 Qe7 18. Qh3 Rad8 19. Ne2 Ne4 20. Rac1 f6 21. Ng4 Kh8 22.
b4 f5 23. Ne5 Nxe5 24. fxe5 dxc4 25. Nf4 Qg5 26. g3 c3 27. Bxc3 Nxc3 28. Rxc3
Bxe5 29. Nxe6 Rxe6 30. Bxe6 Bxd4+ 31. Rxd4 Rxd4 32. Bc8 Rd1+ 33. Qf1 Rxf1+ 34.
Kxf1 Qd2 35. Rc7 Bg2+ 36. Kg1 Bh3 0-1

[Event "Air Force ch"]
[Site "?"]
[Date "1988.??.??"]
[Round "8"]
[White "Vitko, G."]
[Black "Echaure, S."]
[Result "0-1"]
[WhiteElo "2215"]
[BlackElo "2075"]
[PlyCount "72"]
[EventDate "1988.??.??"]

1. e4 e5 2. Nf3 Nc6 3. Bb5 a6 4. Bxc6 dxc6 5. O-O Bg4 6. h3 Bxf3 7. Qxf3 Nf6 8.
d3 Qd6 9. Nd2 O-O-O 10. Nc4 Qe6 11. Be3 h6 12. Qg3 Bd6 13. f3 g5 14. Qf2 Rdg8
15. Qd2 Nh7 16. b3 h5 17. g4 Nf6 18. Qg2 Bb4 19. Qg3 Bc3 20. Rad1 Rh7 21. Kg2
Nd7 22. Bd2 Bxd2 23. Rxd2 f6 24. Ne3 Nf8 25. Rh1 Ng6 26. Kg1 Rgh8 27. Rdh2 Nf4
28. Qf2 $2 hxg4 29. hxg4 Nh3+ 30. Rxh3 Rxh3 31. Rxh3 Rxh3 32. Nf5 b6 33. Ng7
Qe7 34. Nh5 Qa3 35. Kg2 Rh4 36. Nxf6 Qc1 0-1

[Event "Air Force ch"]
[Site "?"]
[Date "1992.??.??"]
[Round "3"]
[White "Smith, B."]
[Black "Waldowski, P."]
[Result "0-1"]
[WhiteElo "1815"]
[BlackElo "2135"]
[PlyCount "72"]
[EventDate "1992.??.??"]

1. d4 c5 2. d5 Nf6 3. Nf3 b5 4. Bg5 Bb7 5. Bxf6 gxf6 6. e4 Qb6 7. Be2 Bh6 8.
O-O Na6 9. a4 Nc7 10. axb5 Nxb5 11. c4 Nd6 12. Qc2 O-O-O 13. Nbd2 Rdg8 14. Rfb1
Rg7 15. g3 Rhg8 16. Qa4 a6 17. Kg2 f5 18. Ne5 Bxd2 19. Qxd7+ Kb8 20. Qxe7 Qc7
21. Qxc7+ Kxc7 22. exf5 Re8 23. Nf3 Rxe2 24. Kf1 Re4 25. Nxd2 Rd4 26. Rd1 Nxc4
27. Nxc4 Rxc4 28. d6+ Kd7 29. Rd2 Rg5 30. Re1 Re4 31. Rxe4 Bxe4 32. f6 c4 33.
Rd4 Bd3+ 34. Kg2 Rb5 35. Rh4 Kxd6 36. Rxh7 $4 Bxh7 0-1

[Event "1991 Armed Forces Ch"]
[Site "?"]
[Date "1991.??.??"]
[Round "5"]
[White "Murillo, M."]
[Black "Barcarola, L."]
[Result "0-1"]
[WhiteElo "2205"]
[BlackElo "2160"]
[PlyCount "72"]
[EventDate "1991.??.??"]

1. e4 e5 2. Nf3 Nf6 3. Qe2 Nc6 4. c3 d5 5. d3 dxe4 6. dxe4 Be7 7. g3 Bg4 8. h3
Bh5 9. Bg2 Qd7 10. Nbd2 O-O-O 11. g4 Bg6 12. Nc4 Bd6 13. Nh4 Bxe4 14. Bxe4 Nxe4
15. Qxe4 Be7 16. Be3 Bxh4 17. g5 Qd5 18. Qg4+ f5 19. gxf6+ Kb8 20. Rg1 Bxf6 21.
Nd2 Qb5 22. O-O-O Rd3 23. Ne4 Rhd8 24. Rxd3 Qxd3 25. Nc5 Qd5 26. Qa4 b6 27. Qb5
Rd6 28. c4 Qf3 29. Na6+ Kc8 30. c5 Nd4 31. Bxd4 Rxd4 32. a3 Qf5 33. Nb4 Bg5+
34. Rxg5 Qxg5+ 35. f4 Qxf4+ 36. Kc2 Rc4+ 0-1

[Event "Air Force ch"]
[Site "?"]
[Date "1992.??.??"]
[Round "4"]
[White "Moore, B."]
[Black "Smith, B."]
[Result "1-0"]
[WhiteElo "2260"]
[BlackElo "1815"]
[PlyCount "72"]
[EventDate "1992.??.??"]

1. e4 c5 2. d4 cxd4 3. c3 d6 4. cxd4 Nf6 5. Nc3 e6 6. Nf3 Nc6 7. Bd3 Be7 8. O-O
O-O 9. a3 a6 10. h3 b5 11. Be3 Bb7 12. Rc1 Rc8 13. b4 Qd7 14. e5 dxe5 15. dxe5
Nd5 16. Bc5 Bxc5 17. bxc5 f5 18. exf6 Nxf6 19. Qe2 Rce8 20. Rfd1 Qc8 21. Ne4
Nxe4 22. Qxe4 g6 23. Ng5 Nd8 24. Qh4 Qc7 25. Bb1 Bd5 26. Rd4 Nc6 27. Rg4 Ne5
28. Rg3 Re7 29. Qd4 Nc4 30. Ne4 Qf4 31. Re1 Bxe4 32. Rg4 Qd2 33. Rgxe4 Qxd4 34.
Rxd4 Rc8 35. a4 Rxc5 36. axb5 axb5 {Black lost on time} 1-0

[Event "1991 Armed Forces Ch"]
[Site "?"]
[Date "1991.??.??"]
[Round "1"]
[White "Moore, B."]
[Black "McQueen, R."]
[Result "1-0"]
[WhiteElo "2275"]
[BlackElo "1875"]
[PlyCount "71"]
[EventDate "1991.??.??"]

1. e4 c5 2. d4 cxd4 3. c3 d3 4. Bxd3 Nc6 5. c4 g6 6. Nc3 Bg7 7. Nge2 Nf6 8. O-O
d6 9. Nf4 O-O 10. h3 Bd7 11. Be3 Qa5 12. Qd2 Rfc8 13. Rac1 Ne5 14. b3 Nxd3 15.
Qxd3 Bc6 16. Rfd1 Qd8 17. Rc2 h6 18. Rcd2 Qe8 19. Nfd5 Nd7 20. Bd4 b6 21. Bxg7
Kxg7 22. f4 Kh7 23. Qg3 Rab8 24. Qh4 f6 25. g4 g5 26. Qf2 Kg7 27. Ne3 Nc5 28.
Nf5+ Kh7 29. fxg5 hxg5 30. Qe3 Ne6 31. Nd5 Bxd5 32. exd5 Nf4 33. h4 Rc7 34.
hxg5 fxg5 35. Rh2+ Kg8 36. Qd4 1-0

[Event "1991 Armed Forces Ch"]
[Site "?"]
[Date "1991.??.??"]
[Round "9"]
[White "McMahon, D."]
[Black "Rea, A."]
[Result "0-1"]
[WhiteElo "2020"]
[BlackElo "2150"]
[PlyCount "72"]
[EventDate "1991.??.??"]

1. e4 e6 2. d4 d5 3. Nc3 Bb4 4. e5 Bd7 5. a3 Bxc3+ 6. bxc3 Ba4 7. Qg4 Ne7 8.
Bd3 Kf8 9. Ne2 Nd7 10. O-O c5 11. dxc5 Nxc5 12. Nd4 h5 13. Qh3 Rc8 14. f4 Nxd3
15. Qxd3 g6 16. Kh1 Kg7 17. Rb1 Qd7 18. f5 gxf5 19. Bg5 Kf8 20. Rf3 Rc4 21. Re1
Ng6 22. Bf6 Rg8 23. Ref1 b6 24. Nxf5 exf5 25. Rxf5 Rg4 26. Rxh5 Bb5 27. Qd2
Bxf1 28. g3 d4 29. cxd4 Qd5+ 30. Kg1 Qg2+ 31. Qxg2 Bxg2 32. Kxg2 Nf4+ 33. Kf3
Nxh5 34. d5 Nxf6 35. exf6 Ke8 36. c4 Rxc4 0-1

[Event "Air Force ch"]
[Site "?"]
[Date "1987.??.??"]
[Round "2"]
[White "McCalmont, J."]
[Black "Moore, B."]
[Result "1/2-1/2"]
[WhiteElo "2155"]
[BlackElo "2275"]
[PlyCount "72"]
[EventDate "1987.??.??"]

1. e4 c5 2. Nf3 d6 3. c4 Nf6 4. Nc3 g6 5. d4 Bg7 6. Be2 Na6 7. O-O O-O 8. h3
cxd4 9. Nxd4 Nc5 10. Bf3 Qb6 11. Re1 Rd8 12. Nc2 Be6 13. Ne3 Qa6 14. Qe2 Rac8
15. Ned5 Bxd5 16. cxd5 Qxe2 17. Rxe2 Nd3 18. Be3 a6 19. Rd1 Ne5 20. Bd4 Nfd7
21. Bg4 Rc4 22. Red2 Nxg4 23. hxg4 Rdc8 24. Bxg7 Kxg7 25. f3 b5 26. a3 Ne5 27.
Kf2 R4c7 28. Ne2 a5 29. Nd4 b4 30. a4 Nc4 31. Rc2 b3 32. Re2 Nb6 33. Nxb3 Nxa4
34. Nxa5 Rb8 35. Nc6 Rxb2 36. Rxb2 Nxb2 1/2-1/2

[Event "1990 Armed Forces ch"]
[Site "?"]
[Date "1990.??.??"]
[Round "5"]
[White "Langreck, J."]
[Black "Thrasher, C."]
[Result "1/2-1/2"]
[WhiteElo "1930"]
[BlackElo "2015"]
[PlyCount "71"]
[EventDate "1990.??.??"]

1. c4 c5 2. Nf3 Nc6 3. d4 cxd4 4. Nxd4 g6 5. e4 Bg7 6. Be3 Qa5+ 7. Nc3 Nf6 8.
Nb3 Qe5 9. f3 Qb8 10. Qd2 a6 11. Na4 Qc7 12. Nb6 Rb8 13. Nd5 Nxd5 14. cxd5 Ne5
15. Rc1 Qd8 16. Be2 d6 17. O-O O-O 18. Nd4 Qe8 19. Rc7 Nd7 20. b4 Qd8 21. Rc2
Nf6 22. a4 e6 23. dxe6 fxe6 24. Bc4 d5 25. exd5 Nxd5 26. Bf2 Kh8 27. b5 e5 28.
Nb3 Bf5 29. Bd3 Bxd3 30. Qxd3 Nf4 31. Qxd8 Rfxd8 32. g3 Nh3+ 33. Kg2 Nxf2 34.
Kxf2 axb5 35. axb5 Rd5 36. Rc5 1/2-1/2

[Event "Air Force ch"]
[Site "?"]
[Date "1988.??.??"]
[Round "4"]
[White "Hill, L."]
[Black "Echaure, S."]
[Result "1-0"]
[WhiteElo "2190"]
[BlackElo "2075"]
[PlyCount "71"]
[EventDate "1988.??.??"]

1. e4 d6 2. f4 Nf6 3. d3 g6 4. g3 Bg7 5. Bg2 c6 6. Nd2 O-O 7. Ne2 Ng4 8. Nf3
Nd7 9. h3 Ngf6 10. O-O Qc7 11. Be3 b6 12. g4 Bb7 13. Qe1 e5 14. f5 d5 15. Qh4
dxe4 16. dxe4 Nxe4 17. Ng5 Nxg5 18. Bxg5 f6 19. fxg6 hxg6 20. Bh6 Rf7 21. Be4
Nf8 22. Ng3 Bxh6 23. Qxh6 Rh7 24. Qe3 Qe7 25. Qb3+ Kh8 26. Qf3 Kg7 27. Rf2 Ne6
28. Bxg6 Kxg6 29. Qe4+ Kg5 30. Rf5+ Kh4 31. Rh5+ Rxh5 32. gxh5+ Kxh3 33. Qg2+
Kg4 34. Nf5+ Kxf5 35. Qg6+ Kf4 36. Rf1+ 1-0

[Event "Air Force ch"]
[Site "?"]
[Date "1988.??.??"]
[Round "5"]
[White "Echaure, S."]
[Black "Wilson, A."]
[Result "1-0"]
[WhiteElo "2075"]
[BlackElo "2080"]
[PlyCount "71"]
[EventDate "1988.??.??"]

1. c4 c5 2. Nf3 Nc6 3. g3 g6 4. Bg2 Bg7 5. O-O e5 6. Nc3 Nge7 7. d3 O-O 8. Be3
d6 9. Nd5 f5 10. Qd2 Nxd5 11. cxd5 Nb4 12. Ng5 Rb8 13. a3 Na6 14. h4 Nc7 15. b4
b6 16. Rab1 Bd7 17. f4 Qe7 18. Kh2 h6 19. Nh3 Rbe8 20. fxe5 Bxe5 21. Bxh6 Qxh4
22. Bf4 Qf6 23. bxc5 dxc5 24. e4 Nb5 25. Bxe5 Rxe5 26. Qg5 Qg7 27. Rf4 fxe4 28.
Rxf8+ Kxf8 29. Rf1+ Kg8 30. Qd8+ Re8 31. Qg5 exd3 32. d6 Nd4 33. Rf6 Bf5 34.
Bd5+ Kh8 35. d7 Qxd7 $2 36. Qh6+ 1-0

[Event "Air Force ch"]
[Site "?"]
[Date "1989.??.??"]
[Round "4"]
[White "Dean, M."]
[Black "Burden, J."]
[Result "1/2-1/2"]
[WhiteElo "2215"]
[BlackElo "2030"]
[PlyCount "72"]
[EventDate "1989.??.??"]

1. d4 Nf6 2. g3 g6 3. Bg2 Bg7 4. c4 O-O 5. Nc3 d6 6. Nf3 Nbd7 7. O-O e5 8. e3
c6 9. b3 e4 10. Nd2 d5 11. Qc2 a6 12. Bb2 Re8 13. Rae1 Nf8 14. f3 exf3 15. Nxf3
Bf5 16. Qd1 Ng4 17. Bc1 Bh6 18. h3 Nxe3 19. Bxe3 Rxe3 20. Rxe3 Bxe3+ 21. Kh1
dxc4 22. bxc4 h5 23. d5 Qd7 24. dxc6 bxc6 25. Ne5 Qxd1 26. Nxd1 Bc5 27. Nxc6
Re8 28. Nc3 Bd3 29. Rc1 Ba3 30. Rd1 Bxc4 31. Ne4 Kg7 32. Nd6 Bxd6 33. Rxd6 Re1+
34. Kh2 Re2 35. Rd4 Bb5 36. Na7 Ne6 1/2-1/2

[Event "Air Force ch"]
[Site "?"]
[Date "1989.??.??"]
[Round "5"]
[White "Burden, J."]
[Black "Tate, E."]
[Result "1-0"]
[WhiteElo "2030"]
[BlackElo "2450"]
[PlyCount "71"]
[EventDate "1989.??.??"]

1. e4 c5 2. Nf3 d6 3. d4 cxd4 4. Nxd4 Nf6 5. Nc3 Nc6 6. Be3 e6 7. f3 Be7 8. Qd2
O-O 9. g4 Bd7 10. O-O-O Nxd4 11. Bxd4 Bc6 12. g5 Nh5 13. h4 b5 14. Bxb5 Bxb5
15. Nxb5 Rb8 16. Nxa7 Qd7 17. Qe3 Rb7 18. Rd3 e5 19. Bb6 Ra8 20. Ra3 d5 21. Ra6
d4 22. Qd3 Rxb6 23. Rxb6 Qxa7 24. Qb3 Ng3 25. Rd1 d3 26. c3 Bd8 27. Rb7 Qe3+
28. Kb1 Qxf3 29. Rd7 Ba5 30. Ra7 Rf8 31. Rxa5 Nxe4 32. Rxe5 Qe2 33. Ka1 Rd8 34.
Qa4 Nxc3 35. Rxe2 Nxa4 36. Rxd3 1-0

[Event "1990 Armed Forces ch"]
[Site "?"]
[Date "1990.??.??"]
[Round "7"]
[White "Balares, J."]
[Black "Whitten, J."]
[Result "1-0"]
[WhiteElo "2155"]
[BlackElo "2075"]
[PlyCount "72"]
[EventDate "1990.??.??"]

1. e4 e5 2. Nf3 Nc6 3. d4 exd4 4. Bc4 Nf6 5. O-O Nxe4 6. Re1 d5 7. Bxd5 Qxd5 8.
Nc3 Qh5 9. Nxe4 Be6 10. Bg5 Bb4 11. c3 Ba5 12. b4 Bb6 13. cxd4 h6 14. Bh4 O-O
15. Bf6 Nxb4 16. Be7 a5 17. Ng3 Qg6 18. Bxf8 Rxf8 19. Re4 Nxa2 20. Rxe6 Qxe6
21. d5 Nc3 22. dxe6 Nxd1 23. exf7+ Kxf7 24. Rxd1 Ke7 25. Ne4 a4 26. Ra1 Ra8 27.
Ra2 c6 28. Kf1 Bc7 29. g3 b5 30. Nd4 Kd7 31. Nc5+ Kd6 32. Nd3 Kd5 33. Nc2 c5
34. Ke2 b4 35. Ne3+ Kd4 36. Rc2 Ke4 1-0